Австралийские музыкальные исполнители - Армагеддон - Statistics

General Stats
  • This quiz has been taken 10 times
  • The average score is 5 of 16
Answers on the Grid
Answers color-coded by a green-red scale on the quiz's grid according to % correct below.
Ник Кейв
Готье
Motley Crue
The Who
AC/DC
Blind Guardian
Nickelback
Оливия Ньютон-Джон
Кайли Миноуг
The Guess Who
Enter Shikari
Maroon 5
Thin Lizzy
Дельта Гудрем
The Smiths
Dead Can Dance
The Clash
Джонни О'Кифф
Men at Work
Muse
Scorpions
INXS
Fleetwood Mac
The Birthday Party
Persephone's Bees
Spiderbait
Jethro Tull
Franz Ferdinand
Low Roar
Little Big
Machine Head
Slade
Kiss
Питер Гэбриел
The Church
Pendulum
Red Elvises
Motorhead
Divinyls
Bag Raiders
 
Answer Stats
Answer % Correct
Готье
75%
Кайли Миноуг
75%
AC/DC
63%
Ник Кейв
50%
INXS
50%
Оливия Ньютон-Джон
38%
The Birthday Party
38%
Дельта Гудрем
25%
Dead Can Dance
25%
Men at Work
25%
Джонни О'Кифф
13%
Bag Raiders
13%
Divinyls
13%
Pendulum
13%
Spiderbait
13%
The Church
13%
No matching quizzes found
Score Distribution
Percent of People with Each Score
Percentile by Number Answered
Your Score History
You have not taken this quiz